000 00343nam a22001577a 4500
003 SGT
020 _a9789386235251
082 _a616.01
_bANA
100 _aANANTNARAYAN
245 _aTEXTBOOK OF MICROBIOLOGY
250 _a10TH
260 _bUNIVERSITIES PRESS
_c2017
300 _a716
650 _aPHYSICAL SCIENCE
942 _2ddc
_cBK
999 _c15764
_d15764